Vật lí thống kê
Định lí về phân bố Gibbs và phân bố Gibbs suy rộng, ma trận mật độ; Áp dụng phân bố Gibbs, phân bố Fecmi-Dirac và phân bố Bose-Einstein. Phương pháp thống kê momen. Lí thuyết thăng giáng. Lí thuyết cổ điển và lượng tử về các quá trình không cân bằng. Cơ sở của các quá trình nhiệt động học không cân...
Gardado en:
| Autor Principal: | |
|---|---|
| Outros autores: | |
| Formato: | Libro |
| Idioma: | Vietnamese |
| Publicado: |
H.
Đại học Sư phạm
2006
|
| Những chủ đề: | |
| Các nhãn: |
Engadir etiqueta
Sen Etiquetas, Sexa o primeiro en etiquetar este rexistro!
|
| Thư viện lưu trữ: | Mạng thư viện Đại học Đà Nẵng |
|---|
| LEADER | 01485nam a2200361 4500 | ||
|---|---|---|---|
| 001 | 000008159 | ||
| 003 | 4343 | ||
| 005 | 20120312080345.0 | ||
| 008 | 111014s2006 viesd | ||
| 020 | |c 31000đ | ||
| 041 | 0 | |a vie | |
| 082 | |a 530.1595 |b VU-H | ||
| 100 | 0 | |a Vũ Văn Hùng | |
| 245 | 0 | |a Vật lí thống kê |c Vũ Văn Hùng | |
| 260 | |a H. |b Đại học Sư phạm |c 2006 | ||
| 300 | |a 235tr |c 24cm | ||
| 520 | |a Định lí về phân bố Gibbs và phân bố Gibbs suy rộng, ma trận mật độ; Áp dụng phân bố Gibbs, phân bố Fecmi-Dirac và phân bố Bose-Einstein. Phương pháp thống kê momen. Lí thuyết thăng giáng. Lí thuyết cổ điển và lượng tử về các quá trình không cân bằng. Cơ sở của các quá trình nhiệt động học không cân bằng | ||
| 653 | |a Vật lí thống kê | ||
| 653 | |a Vật lí lượng tử | ||
| 653 | |a Ma trận | ||
| 653 | |a Giáo trình | ||
| 700 | |a Võ Văn Hùng |e Tác giả | ||
| 910 | |a MPhuong |d 14/10/11 | ||
| OWN | |a LSP | ||
| AVA | |a UDN50 |b LSP |d 530.1595 VU-H |e check_holdings |t Error 5003 Not defined in file expand_doc_bib_avail. |h N |k 1 | ||
| 999 | |a From the UDN01 | ||
| AVA | |a UDN50 |b LSP |d 530.1595 VU-H |e available |t Error 5001 Not defined in file expand_doc_bib_avail. |f 47 |g 1 |h N |i 4 |k 1 | ||
| TYP | |a Monograph | ||
| TYP | |a Printed language | ||
| 980 | |a Mạng thư viện Đại học Đà Nẵng | ||